000 00341nam a2200145Ia 4500
003 GCL
008 140319s9999 xx 000 0 ara d
040 _aGCL /
_cGCL
082 0 4 _aد
_b050
245 1 0 _aغرائب من الرحلات (اقرا 163)
300 _a135
490 _aاقرأ
_v0
650 0 4 _aالرحلات
942 _2ddc
_cBK
999 _c48693
_d48693